000 00653nam a2200277Ia 4500
005 20260324145348.0
008 008 260324s9999 xx 000 0 eng d
020 _a9780429050022
037 _aEBOOK
040 _aCRL
040 _beng
040 _cCRL
041 _2eng
041 _aeng
084 _qCRL
100 _aNatalie Kaufman Hevener
_91222692
245 0 _aInternational Law And The Status Of Women
260 _bTaylor and Francis
260 _c1983
365 _a
365 _b230
856 _uhttp://www.taylorfrancis.com/books/9780429050022
942 _cEBOOK
999 _c1830495
_d1830495